دراسة قانونية عن التدخل الانساني ومبدا سيادة الدولة = A Legal Study on Hummanitarian Intervention and The Principle of State Sovereignty / (Record no. 33276)
[ view plain ]
| 000 -LEADER | |
|---|---|
| fixed length control field | 01031nam a22002057a 4500 |
| 003 - CONTROL NUMBER IDENTIFIER | |
| control field | JO-AjAnu |
| 005 - DATE AND TIME OF LATEST TRANSACTION | |
| control field | 20240629110743.0 |
| 008 - FIXED-LENGTH DATA ELEMENTS--GENERAL INFORMATION | |
| fixed length control field | 231211b jo ||||| |||| 00| 0 ara d |
| 040 ## - CATALOGING SOURCE | |
| Original cataloging agency | JO-AjAnu |
| Language of cataloging | ARA |
| Transcribing agency | JO-AjAnu |
| 041 ## - LANGUAGE CODE | |
| Language code of text/sound track or separate title | ARA |
| 050 ## - LIBRARY OF CONGRESS CALL NUMBER | |
| Classification number | K3240 2023 |
| 100 #1 - MAIN ENTRY--PERSONAL NAME | |
| Personal name | العنانبة، سوار العسل فيصل |
| 9 (RLIN) | 64924 |
| Relator term | معد |
| 245 00 - TITLE STATEMENT | |
| Title | دراسة قانونية عن التدخل الانساني ومبدا سيادة الدولة = A Legal Study on Hummanitarian Intervention and The Principle of State Sovereignty / |
| Statement of responsibility, etc. | اعداد سوار العسل فيصل العنانبة ؛ اشراف طلال ياسين العيسى |
| 260 ## - PUBLICATION, DISTRIBUTION, ETC. | |
| Date of publication, distribution, etc. | 2023 |
| 300 ## - PHYSICAL DESCRIPTION | |
| Extent | 97 ورقة |
| 504 ## - BIBLIOGRAPHY, ETC. NOTE | |
| Bibliography, etc. note | رسالة جامعية (ماجستير) .- جامعة عجلون الوطنية (عجلون، الأردن)، كليةالحقوق، قسم القانون، 2019.<br/> |
| 650 70 - SUBJECT ADDED ENTRY--TOPICAL TERM | |
| Topical term or geographic name entry element | سيادة الدولة - حقوق الانسان |
| 9 (RLIN) | 64928 |
| 700 #1 - ADDED ENTRY--PERSONAL NAME | |
| Personal name | العيسى، طلال ياسين |
| 9 (RLIN) | 64930 |
| Relator term | مشرف |
| 942 ## - ADDED ENTRY ELEMENTS (KOHA) | |
| Source of classification or shelving scheme | Library of Congress Classification |
| Koha item type | Thesis |
| Suppress in OPAC | No |
| Withdrawn status | Lost status | Source of classification or shelving scheme | Damaged status | Not for loan | Home library | Current library | Date acquired | Total Checkouts | Full call number | Barcode | Date last seen | Price effective from | Koha item type |
|---|---|---|---|---|---|---|---|---|---|---|---|---|---|
| Library of Congress Classification | مكتبة جامعة عجلون الوطنية | مكتبة جامعة عجلون الوطنية | 11/12/2023 | K3240 2023 | A29698 | 11/12/2023 | 11/12/2023 | Thesis | |||||
| Library of Congress Classification | مكتبة جامعة عجلون الوطنية | مكتبة جامعة عجلون الوطنية | 11/12/2023 | K3240 2023 | A29697 | 11/12/2023 | 11/12/2023 | Thesis |